| 000 | 00807nam a22001817a 4500 | ||
|---|---|---|---|
| 008 | 101031t xxu||||| |||| 00| 0 eng d | ||
| 082 |
_a612.6007 _bWHA |
||
| 110 | _920780 | ||
| 245 |
_aWhat to Tell Your Children about Sex / _cPrepared by The Child Association of America; Foreword by Milton I. Levine |
||
| 260 |
_aLondon : _bGeorge Allen and Unwin, [1964] _c[1964] |
||
| 300 |
_ax, 117 p. : _b ill. ; _c21 cm. |
||
| 541 | _aGaber Maher (Stu.) | ||
| 650 |
_920781 _aSex instruction |
||
| 700 |
_920782 _aLevine, Milton I. |
||
| 710 |
_920780 _aChild Study Association of America |
||
| 942 |
_2ddc _cNRB |
||
| 999 |
_c14805 _d14805 |
||